Normal view MARC view

Entry Personal Name

Number of records used in: 2

001 - CONTROL NUMBER

  • control field: 62671

003 - CONTROL NUMBER IDENTIFIER

  • control field: dpl

005 - DATE AND TIME OF LATEST TRANSACTION

  • control field: 20240301124154.0

008 - FIXED-LENGTH DATA ELEMENTS

  • fixed length control field: 240301|| aca||aabn | a|a d

040 ## - CATALOGING SOURCE

  • Original cataloging agency: dpl
  • Transcribing agency: dpl

100 ## - HEADING--PERSONAL NAME

  • Personal name: Carnegic Dale

670 ## - SOURCE DATA FOUND

  • Source citation: Work cat.: (dpl)198259: Carnegic Dale, How To Win Friends And influence People/, 2021

© Delhi Public Library
Hit Counter
free hit counter